000 nam a22 7a 4500
999 _c9853
_d9853
008 180208b ||||| |||| 00| 0 eng d
100 _aJain, G
_95936
245 _aGreat Speeches
260 _aNew Delhi
_bMaanu Publication
_c2012